Regionalización / (Record no. 3921)

000 -CABECERA
fixed length control field 01080nam a22002297a 4500
003 - IDENTIFICADOR DEL NÚMERO DE CONTROL
control field AR-CdUCM
008 - DATOS DE LONGITUD FIJA--INFORMACIÓN GENERAL
fixed length control field 190307b ||||| |||| 00| 0 spa d
040 ## - FUENTE DE LA CATALOGACIÓN
Agencia/entidad que catalogó originalmente la obra MUNICIPALIDAD PROVINCIAL DEL CUSCO
Entidad que transcribió la catalogación BIBLIOTECA MUNICIPAL DEL CUSCO
082 ## - NÚMERO DE LA CLASIFICACIÓN DECIMAL DEWEY
No. de Clasificación 343.62 /
Notacion interna R35
245 ## - MENCIÓN DE TÍTULO
Título Regionalización /
260 ## - PUBLICACIÓN, DISTRIBUCIÓN, ETC.
Lugar de publicación, distribución, etc. Cusco :
Nombre de la editorial, distribuidor, etc. Centro Bartolomé de Las Casas,
Fecha de publicación, distribución, etc. 1987.
300 ## - DESCRIPCIÓN FÍSICA
Nº de Páginas Extensión ixx, 96 páginas ;
Otros detalles físicos ilustración, mapas,
Dimensiones 21 cm.
440 ## - MENCIÓN DE SERIE/PUNTO DE ACCESO ADICIONAL--TÍTULO
Título Cuaderno de Capacitación Campesina
Número de la parte/sección de una obra 33
9 (RLIN) 12564
505 ## - NOTA DE CONTENIDO CON FORMATO
Nota de contenido formateada Contenido: Plan nacional de regionalización Ley No. 23878 -- Ley de bases de la regionalización Ley No. 24650 -- Disposiciones constitucionales relativas al proceso de descentralización -- Propuesta de delimitación regional.
650 ## - PUNTO DE ACCESO ADICIONAL DE MATERIA--TÉRMINO DE MATERIA
Descriptor Plan nacional de regionalización
9 (RLIN) 12565
650 ## - PUNTO DE ACCESO ADICIONAL DE MATERIA--TÉRMINO DE MATERIA
Descriptor Ley de bases de la regionalización
9 (RLIN) 12566
650 ## - PUNTO DE ACCESO ADICIONAL DE MATERIA--TÉRMINO DE MATERIA
Descriptor Centralismo y descentralización
9 (RLIN) 12567
650 ## - PUNTO DE ACCESO ADICIONAL DE MATERIA--TÉRMINO DE MATERIA
Descriptor Descentralización administrativa
9 (RLIN) 12568
710 ## - PUNTO DE ACCESO ADICIONAL--NOMBRE DE ENTIDAD CORPORATIVA
Nombre corporativo (En letras Mayúsculas) Centro de Estudios Rurales Andinos Bartolomé de Las Casas (Cusco)
9 (RLIN) 5258
942 ## - ELEMENTOS DE PUNTO DE ACCESO ADICIONAL (KOHA)
Fuente de clasificación
Tipo de item Libros-BMC
945 ## - PROCESAMIENTO DE INFORMACIÓN LOCAL (OCLC)
Catalogador raen
Holdings
Estado de retiro (separado) Fuente de clasificación o esquema de estanterías Estado dañado Ubicación Sala donde se ubica Nombre de la colección Fecha de adquisición o compra Costo, precio normal en soles Signatura topográfica Código de Barras Última vez visto (Koha) Tipo de ítem (Koha)
No     Sala Humanidades Sala Humanidades Book Cart 2019-03-07 30.00 343.62 / R35 SH0000004059 2019-03-07 Libros-BMC
No     Sala Humanidades Sala Humanidades Book Cart 2019-03-07 30.00 343.62 / R35 / e.2 SH0000008978 2019-03-25 Libros-BMC

Powered by Koha